[Event "AUTO-MASTER-1935"]
[Site "http://www.queenalice.com/game.php?id=1211874"]
[Date "2013.8.27"]
[Round "1"]
[White "Aborigen"]
[Black "salva9001"]
[Result "1-0"]
[WhiteElo "1999"]
[BlackElo "2140"]

1. e4 c5 2. f4 g6 3. Nf3 Bg7 4. c3 Nc6 5. Be2 d6 6. O-O Nf6 7. e5 dxe5 8. fxe5
Ng4 9. d4 cxd4 10. cxd4 Qb6 11. Kh1 O-O 12. h3 Nh6 13. Nc3 Nf5 14. Nd5 Qa5 15.
Bc4 Ng3+ 16. Kh2 Nxf1+ 17. Qxf1 Be6 18. Bd2 Qd8 19. Nf4 Bxc4 20. Qxc4 Qb6 21.
Bc3 Rac8 22. Qe2 e6 23. Rf1 Bh6 24. g3 Ne7 25. Nd2 Qc6 26. h4 Nd5 27. Nxd5 Qxd5
28. a3 Rfd8 29. Ne4 Bg7 30. Qe3 b6 31. Qf4 Rc7 32. Nf6+ Bxf6 33. exf6 Qd6 34.
Qg5 a5 35. h5 Rdc8 36. hxg6 hxg6 37. Rf4 Qd5 38. Qh6 Qh5+ 39. Qxh5 gxh5 40. Rh4
Rxc3 41. bxc3 Rxc3 42. Rxh5 Rxa3 43. Rb5 Rd3 44. Rxb6 Rxd4 45. Kh3 Kh7 46. Rb5
Kg6 47. Rxa5 Kxf6 48. g4 Kg6 49. Re5 Rd3+ 50. Kh4 Rd5 51. Re1 1-0

[Event "AUTO-MASTER-1935"]
[Site "http://www.queenalice.com/game.php?id=1211875"]
[Date "2013.8.27"]
[Round "1"]
[White "salva9001"]
[Black "Aborigen"]
[Result "1-0"]
[WhiteElo "2137"]
[BlackElo "1915"]

1. Nf3 Nf6 2. c4 g6 3. Nc3 Bg7 4. e4 d6 5. Be2 O-O 6. O-O c5 7. d4 cxd4 8. Nxd4
Bd7 9. Be3 a6 10. f4 Nc6 11. a3 Qc8 12. h3 h5 13. Nd5 Nxd4 14. Bxd4 Nxd5 15.
Bxg7 Kxg7 16. exd5 Rh8 17. Qd4+ Kg8 18. b4 h4 19. Kh2 Bf5 20. c5 dxc5 21. bxc5
Qc7 22. d6 exd6 23. cxd6 Qd7 24. Rac1 Kh7 25. Rc7 Qe6 26. Bc4 Qe4 27. Rxf7+ Kh6
28. Qg7+ Kh5 29. Qh7+ 1-0

[Event "AUTO-MASTER-1935"]
[Site "http://www.queenalice.com/game.php?id=1211882"]
[Date "2013.8.27"]
[Round "1"]
[White "salva9001"]
[Black "Fermats"]
[Result "0-1"]
[WhiteElo "2138"]
[BlackElo "2496"]

1. Nf3 d5 2. d4 Bf5 3. Bf4 e6 4. h3 Bd6 5. Bxd6 cxd6 6. e3 Nf6 7. Nbd2 O-O 8.
Nh4 Be4 9. Nxe4 dxe4 10. g3 Qb6 11. b3 Nc6 12. Be2 e5 13. c3 exd4 14. cxd4 Rfc8
15. O-O Nb4 16. Nf5 Rc3 17. a4 g6 18. Nh6+ Kg7 19. Ng4 Nfd5 20. Bc4 f5 21. Nh2
Rc8 22. Rc1 Nxe3 23. fxe3 Rxc1 24. Qxc1 d5 25. Qc3 dxc4 26. bxc4 Nd5 27. Qd2
Rxc4 28. Ra1 Qb3 0-1

[Event "AUTO-MASTER-1935"]
[Site "http://www.queenalice.com/game.php?id=1211883"]
[Date "2013.8.27"]
[Round "1"]
[White "Fermats"]
[Black "salva9001"]
[Result "1-0"]
[WhiteElo "2481"]
[BlackElo "2151"]

1. e4 c5 2. Nc3 e6 3. Nf3 Nc6 4. Be2 d6 5. d4 cxd4 6. Nxd4 Nf6 7. Qd3 a6 8. Nxc6
bxc6 9. O-O Qc7 10. Qg3 Be7 11. Qxg7 Rg8 12. Qh6 Bb7 13. Qf4 O-O-O 14. a3 c5 15.
g3 h5 16. Rd1 h4 17. Rb1 hxg3 18. hxg3 Rh8 19. b4 Nxe4 20. Nxe4 f5 21. bxc5 Bxe4
22. Bxa6+ Kd7 23. f3 Qxc5+ 24. Be3 Qxc2 25. Bb5+ Bc6 26. Bxc6+ Qxc6 27. Rdc1 Qa6
28. Rb7+ Ke8 29. Rxe7+ Kxe7 30. Qg5+ 1-0

[Event "AUTO-MASTER-2048"]
[Site "http://www.queenalice.com/game.php?id=1263175"]
[Date "2014.3.8"]
[Round "1"]
[White "salva9001"]
[Black "TheBigSid"]
[Result "0-1"]
[WhiteElo "2106"]
[BlackElo "2202"]

1. Nf3 d5 2. g3 c5 3. Bg2 Nc6 4. d4 e6 5. O-O cxd4 6. Nxd4 Nf6 7. c4 Bc5 8. Nb3
Bb6 9. Bg5 dxc4 10. Bxc6+ bxc6 11. Qxd8+ Kxd8 12. N3d2 Bd4 13. Nxc4 Ke7 14. Rd1
Bc5 15. Ne5 Re8 16. Nxc6+ Kf8 17. Nc3 Ba6 18. Bxf6 gxf6 19. Ne4 Bb6 20. Nxf6
Rec8 21. Ne5 Bxe2 22. Nfd7+ Kg7 23. Nxb6 axb6 24. Rd7 Bh5 25. g4 Bg6 26. h4 h5
27. Rad1 Rxa2 28. Nxg6 Kxg6 29. gxh5+ Kxh5 30. Rxf7 Rxb2 31. Re1 Rg8+ 32. Kf1
Rg6 33. Rh7+ Kg4 34. h5 Rf6 35. Re4+ Kg5 36. Re2 Rxe2 37. Kxe2 Rh6 38. Rb7 e5
39. Re7 Kf5 40. Rf7+ Ke4 41. f3+ Kd5 42. Rb7 Kc6 43. Re7 Rxh5 44. Re6+ Kc5 45.
Ke3 b5 46. Re8 b4 47. Rc8+ Kd5 48. Rd8+ Kc4 49. Rc8+ Kb3 50. Kd3 Kb2 51. Rc5 b3
52. Kd2 Rf5 53. f4 Rxf4 54. Rxe5 Rd4+ 55. Ke3 Rd8 56. Ke2 Kb1 57. Ke1 b2 58. Rc5
Ra8 0-1

[Event "AUTO-MASTER-2048"]
[Site "http://www.queenalice.com/game.php?id=1263176"]
[Date "2014.3.8"]
[Round "1"]
[White "TheBigSid"]
[Black "salva9001"]
[Result "1/2-1/2"]
[WhiteElo "2222"]
[BlackElo "2110"]

1. d4 Nf6 2. c4 e6 3. Nf3 b6 4. g3 Bb7 5. Bg2 Be7 6. O-O O-O 7. Nc3 d5 8. cxd5
Nxd5 9. Re1 Bb4 10. Bd2 c5 11. Nxd5 Bxd2 12. Qxd2 Bxd5 13. dxc5 bxc5 14. Qc2 Nd7
15. Red1 Qe7 16. h4 h6 17. b3 Rac8 18. Nd2 Bxg2 19. Kxg2 Nb6 20. Nc4 Rfd8 21.
Qe4 Nd5 22. Rd3 Nb4 23. Rxd8+ Rxd8 24. Qe5 Qb7+ 25. Kg1 Rd5 26. Qf4 Nc2 27. Rc1
Nd4 28. Qe3 Nf5 29. Qc3 Nd4 30. Re1 Qb4 31. Qc1 a5 32. Kg2 a4 33. e3 Nc2 34. Re2
axb3 35. axb3 Qb7 36. e4 Nd4 37. Re3 Rd8 38. Qc3 Qb4 1/2-1/2

[Event "AUTO-MASTER-2048"]
[Site "http://www.queenalice.com/game.php?id=1263177"]
[Date "2014.3.8"]
[Round "1"]
[White "salva9001"]
[Black "vivafischer"]
[Result "1-0"]
[WhiteElo "2080"]
[BlackElo "2054"]

1. Nf3 e6 2. c4 f5 3. Nc3 Nf6 4. g3 c6 5. Bg2 d5 6. cxd5 exd5 7. d4 Bd6 8. Bf4
Bxf4 9. gxf4 O-O 10. O-O Ne4 11. Ne5 Nd7 12. f3 Nxc3 13. bxc3 Qh4 14. Qd2 Rf6
15. e4 Rh6 16. h3 Nxe5 17. dxe5 fxe4 18. fxe4 dxe4 19. f5 1-0

[Event "AUTO-MASTER-2048"]
[Site "http://www.queenalice.com/game.php?id=1263178"]
[Date "2014.3.8"]
[Round "1"]
[White "vivafischer"]
[Black "salva9001"]
[Result "0-1"]
[WhiteElo "2137"]
[BlackElo "2095"]

1. d4 Nf6 2. c4 e6 3. Nc3 b6 4. e4 Bb7 5. f3 Be7 6. Be3 O-O 7. Nge2 d6 8. Qd2
Nbd7 9. g4 Ne8 10. O-O-O f5 11. gxf5 exf5 12. Nf4 Rf6 13. Ncd5 Bxd5 14. Nxd5
fxe4 15. Nxf6+ Nexf6 16. fxe4 Nxe4 17. Qg2 Nef6 18. Bd3 Nf8 19. Rhg1 g6 20. h4
d5 21. Kb1 Nh5 22. cxd5 Bxh4 23. d6 cxd6 24. Qd5+ Kh8 25. Bf4 Nxf4 26. Qf3 Nxd3
27. Rxd3 Rc8 28. Rh1 Bg5 29. Qf7 Qc7 0-1

[Event "AUTO-MASTER-2093"]
[Site "http://www.queenalice.com/game.php?id=1284105"]
[Date "2014.5.26"]
[Round "1"]
[White "dksece"]
[Black "salva9001"]
[Result "1-0"]
[WhiteElo "2169"]
[BlackElo "2116"]

1. d4 Nf6 2. Nf3 b6 3. Bf4 Bb7 4. e3 e6 5. Bd3 c5 6. c3 d5 7. Nbd2 c4 8. Bc2 Bd6
9. Bg3 b5 10. Ne5 Nc6 11. f4 b4 12. cxb4 Bxb4 13. O-O Qb6 14. Ndf3 h6 15. Rb1
O-O 16. Bh4 1-0

[Event "AUTO-MASTER-2093"]
[Site "http://www.queenalice.com/game.php?id=1284106"]
[Date "2014.5.26"]
[Round "1"]
[White "salva9001"]
[Black "dksece"]
[Result "1/2-1/2"]
[WhiteElo "2113"]
[BlackElo "2201"]

1. Nf3 d5 2. g3 c6 3. Bg2 Bf5 4. d3 e6 5. Nh4 Bg6 6. Bf4 Nd7 7. Nxg6 hxg6 8. e4
Ngf6 9. exd5 Nxd5 10. Bd2 Be7 11. Nc3 Nxc3 12. Bxc3 Bf6 13. Qd2 Bxc3 14. Qxc3
Qf6 15. Qb4 Rb8 1/2-1/2

[Event "AUTO-MASTER-2093"]
[Site "http://www.queenalice.com/game.php?id=1284119"]
[Date "2014.5.26"]
[Round "1"]
[White "chessman"]
[Black "salva9001"]
[Result "1-0"]
[WhiteElo "2041"]
[BlackElo "2053"]

1. e4 c5 2. Nf3 e6 3. d4 cxd4 4. Nxd4 Nf6 5. a3 d6 6. Nc3 a6 7. Be2 Be7 8. O-O
O-O 9. Kh1 e5 10. Nf3 Be6 11. Bd3 h6 12. h3 Nc6 13. Be3 d5 14. exd5 Nxd5 15. Bd2
f5 16. Bc4 Nc7 17. Bxe6+ Nxe6 18. Re1 e4 19. Ng1 Bf6 20. Nge2 Qd6 21. Qc1 Rad8
22. Rd1 Qc7 23. Ng3 Bh4 24. Bxh6 Bxg3 25. Be3 Rxd1+ 26. Qxd1 Be5 27. Qe2 1-0

[Event "AUTO-MASTER-2093"]
[Site "http://www.queenalice.com/game.php?id=1284120"]
[Date "2014.5.26"]
[Round "1"]
[White "salva9001"]
[Black "chessman"]
[Result "0-1"]
[WhiteElo "2037"]
[BlackElo "2057"]

1. Nf3 d5 2. g3 c6 3. d4 Nf6 4. Bg2 e6 5. O-O Be7 6. c4 O-O 7. b3 Nbd7 8. Nc3
Re8 9. Bb2 Bb4 10. a3 Bxc3 11. Bxc3 Ne4 12. Bb2 Nf8 13. Rc1 Ng6 14. Ne5 Nd6 15.
cxd5 exd5 16. Nxg6 hxg6 17. Re1 Ne4 18. f3 Nf6 19. e4 dxe4 20. fxe4 Bg4 21. Qc2
Qb6 22. Kh1 Be6 23. b4 a5 24. Qc3 axb4 0-1

[Event "AUTO-MASTER-2093"]
[Site "http://www.queenalice.com/game.php?id=1284129"]
[Date "2014.5.26"]
[Round "1"]
[White "salva9001"]
[Black "CCapivara"]
[Result "0-1"]
[WhiteElo "2081"]
[BlackElo "2154"]

1. Nf3 d5 2. b3 c5 3. Bb2 Nc6 4. e3 Bg4 5. Be2 Bxf3 6. Bxf3 e5 7. d3 f5 8. e4
dxe4 9. dxe4 Qxd1+ 10. Kxd1 O-O-O+ 11. Ke2 f4 12. Na3 Nf6 13. Rad1 Be7 14. Nc4
Rxd1 15. Rxd1 Nd4+ 16. Bxd4 exd4 17. e5 Nd7 18. e6 Nf6 19. Na5 b6 20. Nc6 Re8
21. Nxa7+ Kc7 22. Nb5+ Kc8 23. Na7+ Kb8 24. Nc6+ Kc7 25. Na7 Bf8 26. Nb5+ Kb8
27. c3 Rxe6+ 28. Kf1 Be7 29. cxd4 cxd4 30. Nxd4 Rd6 31. Nc6+ Rxc6 0-1

[Event "AUTO-MASTER-2093"]
[Site "http://www.queenalice.com/game.php?id=1284130"]
[Date "2014.5.26"]
[Round "1"]
[White "CCapivara"]
[Black "salva9001"]
[Result "1-0"]
[WhiteElo "2129"]
[BlackElo "2096"]

1. e4 c5 2. Nf3 e6 3. d4 cxd4 4. Nxd4 Nf6 5. Nc3 d6 6. Be3 a6 7. Be2 Be7 8. O-O
O-O 9. a4 Nc6 10. Nb3 Bd7 11. f4 Qc7 12. g4 Rac8 13. g5 Ne8 14. Bd3 Nb4 15. Qh5
Nxd3 16. cxd3 g6 17. Qh6 Ng7 18. Rf3 Nh5 19. Rh3 Rfe8 20. Rxh5 gxh5 21. Bd4 Bf8
22. Qf6 e5 23. Nd5 Qd8 24. fxe5 dxe5 25. Bxe5 Qxf6 26. Nxf6+ 1-0